00848 2200265 4500001002100000005001700021008004100038020001800079035002500097040001200122082001400134090002100148100001900169245013700188250001100325260003800336300003200374500008700406650001300493700001000506700001800516850001200534990001800546990001800564YOGYA-0209000003770820150702093851.0 ind  a979-3026-28-0 a0010-020900000037708 aYOPDYOG a616.84982 a616.84982bCho T aCHOPRA, Deepak aTidur nyenyak, mengapa tidak ?bucapan selamat tinggal pada insomniac/ Deepak Chopra ; penerjemah, Yurni ; penyunting, Achmad Kahfi aCet. 1 aYogyakartabIkon Teraliterac2003 a150 hlm. :bilus. ;c23 cm. aJudul asli : Restful sleep the complete mind body programme for overcoming insomna aInsomnia aYurni aKahfi, Akhmad aYOPDYOG a12083-PD/B.05 a12084-PD/B.05